El inocente y Una noche de lluvia / (Record no. 39235)

MARC details
000 -LEADER
campo de control de longitud fija 00521nam a2200181 i 4500
001 - NÚMERO DE CONTROL
campo de control 39235
003 - IDENTIFICADOR DE NÚMERO DE CONTROL
campo de control ES-MaACL
005 - FECHA Y HORA DE LA ÚLTIMA TRANSACCIÓN
campo de control 20230906155922.0
007 - CAMPO FIJO DE DESCRIPCIÓN FÍSICA--INFORMACIÓN GENERAL
campo de control de longitud fija t|
008 - DATOS DE LONGITUD FIJA--INFORMACIÓN GENERAL
campo de control de longitud fija 030227s1969 sp ||||1| spa d
100 1# - ENTRADA PRINCIPAL--NOMBRE DE PERSONA
Nombre de persona Calvo-Sotelo, Joaquín,
Fechas asociadas al nombre 1905-1993
9 (RLIN) 33913
245 13 - MENCIÓN DEL TÍTULO
Título El inocente y Una noche de lluvia /
Mención de responsabilidad, etc. Joaquín Calvo Sotelo.
260 ## - PUBLICACIÓN, DISTRIBUCIÓN, ETC.
Lugar de publicación, distribución, etc. Madrid :
Nombre del editor, distribuidor, etc. Aguilar,
Fecha de publicación, distribución, etc. 1969.
300 ## - DESCRIPCIÓN FÍSICA
Extensión 282 p. ;
Dimensiones 21 cm.
740 4# - ENTRADA AGREGADA--TÍTULO RELACIONADO/ANALÍTICO NO CONTROLADO
Título relacionado o analítico no controlado Una noche de lluvia.
852 ## - LOCALIZACIÓN
Ubicación ES-MaACL
Número de control de estantería C-36090
Sublocalización o colección R.69006
Holdings
Estatus retirado Estado de pérdida Estado de daño No para préstamo Biblioteca de origen Biblioteca actual Ubicación en estantería Fecha de adquisición Fuente de adquisición Total de préstamos Signatura topográfica completa Código de barras Visto por última vez Precio de reemplazo Tipo de ítem Koha
        Biblioteca del Ateneo de Madrid Biblioteca del Ateneo de Madrid Depósito 2 17/01/2008     C-36090 1041315 23/02/2023 23/02/2023 Libro impreso